00885nam a22001697a 450000500170000000800410001702000180005804000070007604100080008308200220009110000170011324500140013026000280014430000240017252004780019665000410067420230809142958.0230809b ||||| |||| 00| 0 eng d a9780330447928 cAL aeng 223a823.914bSMIR aWilbur Smith aRiver god aLondonbPan Booksc2011 a662p.bPBc18x11cm. aAbout The Author: Wilbur Smith was born in Central Africa in 1933. He was educated at Michaelhouse and Rhodes University. After the successful publication of WHEN THE LION FEEDS in 1964 he became a full-time writer, and has since written 30 novels, all meticulously researched on his numerous expeditions worldwide. His books have been translated into twenty-six different languages. www.facebook.com/WilburSmith www.youtube.com/wilbursmithofficial www.wilbursmithbooks.com 2English literaturesaEnglish fiction